| 000 | 00456nam a2200181Ia 4500 | ||
|---|---|---|---|
| 001 | 21120 | ||
| 005 | 20260306172856.0 | ||
| 008 | 260306t2021||||xx |||||||||||||| ||spa|| | ||
| 041 | _aESP | ||
| 082 |
_a344 _bS21 |
||
| 100 |
_aSan Martín Castro, César _eAUT |
||
| 245 | 0 | _aEl derecho penal y procesal penal en mi jurisprudencia | |
| 260 | _c2021 | ||
| 300 |
_a526 páginas : _c25 cm. |
||
| 650 | _aGEN | ||
| 654 | _aCDE | ||
| 942 |
_cLIB _dJUS _fJUS _2ddc _n |
||
| 999 |
_c21120 _d21120 |
||